Is Bigger Better? An Analysis of Economies of Scale and Market Power in Idaho Police Departments

Saved in:  
Bibliographic Details
Main Author: Fegley, Tate J. (Author)
Format: Print Book
Language:English
Published: [Erscheinungsort nicht ermittelbar] Boise State University 2016
In:Year: 2016
Check availability: HBZ Gateway
Subito Delivery Service: Order now.

MARC

LEADER 00000cam a22000002c 4500
001 1912598515
003 DE-627
005 20250115055008.0
007 tu
008 241217s2016 xx ||||| 00| ||eng c
035 |a (DE-627)1912598515 
035 |a (DE-599)KXP1912598515 
040 |a DE-627  |b ger  |c DE-627  |e rda 
041 |a eng 
084 |a 2,1  |2 ssgn 
100 1 |a Fegley, Tate J.  |e VerfasserIn  |4 aut 
245 1 0 |a Is Bigger Better? An Analysis of Economies of Scale and Market Power in Idaho Police Departments 
264 1 |a [Erscheinungsort nicht ermittelbar]  |b Boise State University  |c 2016 
336 |a Text  |b txt  |2 rdacontent 
337 |a ohne Hilfsmittel zu benutzen  |b n  |2 rdamedia 
338 |a Band  |b nc  |2 rdacarrier 
787 0 8 |i Forschungsdaten  |a National Archive of Criminal Justice Data  |t National Incident-Based Reporting System, 2014: Extract Files  |d [Erscheinungsort nicht ermittelbar] : [Verlag nicht ermittelbar], 2016  |w (DE-627)1840041129 
787 0 8 |i Forschungsdaten  |a National Archive of Criminal Justice Data  |t National Incident-Based Reporting System, 2013: Extract Files  |d [Erscheinungsort nicht ermittelbar] : [Verlag nicht ermittelbar], 2015  |w (DE-627)1840041145 
787 0 8 |i Forschungsdaten  |a National Archive of Criminal Justice Data  |t National Incident-Based Reporting System, 2012: Extract Files  |d [Erscheinungsort nicht ermittelbar] : [Verlag nicht ermittelbar], 2014  |w (DE-627)1840041137 
787 0 8 |i Forschungsdaten  |a National Archive of Criminal Justice Data  |t National Incident-Based Reporting System, 2011: Extract Files  |d [Erscheinungsort nicht ermittelbar] : [Verlag nicht ermittelbar], 2014  |w (DE-627)1840041102 
787 0 8 |i Forschungsdaten  |a National Archive of Criminal Justice Data  |t National Incident-Based Reporting System, 2010: Extract Files  |d [Erscheinungsort nicht ermittelbar] : [Verlag nicht ermittelbar], 2012  |w (DE-627)1840041153 
935 |a mkri 
951 |a BO 
ELC |b 1 
LOK |0 000 xxxxxcx a22 zn 4500 
LOK |0 001 4637564034 
LOK |0 003 DE-627 
LOK |0 004 1912598515 
LOK |0 005 20241217044625 
LOK |0 008 241217||||||||||||||||ger||||||| 
LOK |0 035   |a (DE-2619)ICPSR122179 
LOK |0 040   |a DE-2619  |c DE-627  |d DE-2619 
LOK |0 092   |o n 
LOK |0 852   |a DE-2619 
LOK |0 852 1  |9 00 
LOK |0 935   |a nacp 
LOK |0 939   |a 17-12-24  |b l01 
ORI |a SA-MARC-krimdoka001.raw